000 01685nam a2200325 i 4500
001 000021498
003 DO-SdBNP
005 20260116133604.0
007 ta
008 100908s1982 dr 000 0 spa d
040 _aDO-SdBNP
_bspa
_cBNPHU
_erda
041 _aspa
082 4 _a338.97293
_bR426s
_222
110 1 _aRepública Dominicana
_9447
245 0 0 _aSecretariado Técnico de la Presidencia :
_buna nueva estrategía de organización para el desarrollo /
_cpresentación, Ramón Alburquerque.
264 1 _aSanto Domingo :
_bPublicaciones de ONAP,
_c1982.
300 _a48 páginas ;
_c22 cm.
336 _atexto
_btxt
_2rdacontent
337 _asin mediación
_bn
_2rdamedia
338 _avolumen
_bnc
_2rdacarrier
490 1 _aColección Guías informativas ;
_v3
500 _aIncluye referencias bibliograficas y notas al pie de páginas.
505 0 _aPresentación /
_rRamón Albuquerque --
_tResponsabilidad del Estado en el proceso de desarrollo nacional --
_tExpansión y crecimiento de las actividades del estado dominicano --
_tPlanificación del desarrollo --
_tEl Secretariado Técnico de la Presidencia y el proceso de desarrollo nacional --
_tEl sistema de planificación en la República Dominicana --
_gApéndice:
_tLey Nº 55 del 22 de noviembre de 1965 --
_tProyecto de ley de modificación de los artículos 1 y 2 de la Ley nº 55 del 22 de noviembre de 1965.
590 _aInventariado, 2018/BT
651 4 _aRepública Dominicana
_xPolitíca económica
_9643
651 4 _aRepública Dominicana
_xCondiciones económicas
_9281
700 1 _aAlburquerque, Ramón,
_epresentación
_933552
910 _aValidado. Control de calidad. EMS
942 _2ddc
_cLF2
999 _c20998
_d20998